00952nam a2200205 a 4500008004100000050002300041100002100064245012900085260003900214350000900253490004500262650006700307650004300374650005200417700001900469710001500488995009600503999001700599952013000616070709s1994 ||||||||||||||||| || u aIBRD(06)RSS/1994/5 aWellenius, Bjorn10aImplementing reforms in the telecommunications sector: lessons from experiencecEdited by Bjorn Wellenius and Peter A. Stern aWashighton, D.C.bWorld Bankc1994 a0.00 aWorld Bank Regional and Sectoral Studies aTELECOMMUNICATION POLICY-- DEVELOPING COUNTRIES-- CASE STUDIES aTELECOMMUNICATION POLICY--CASE STUDIES aTELECOMMUNICATION POLICY-- EUROPE--CASE STUDIES aStern, Peter A aWorld Bank D0.00FCBU-MAIN LIBRARY (Kitwe)H1I0.00UAVAILABLEWJul 9, 2007ZInternational Publications c46438d46438 00102lcc4070a001b001cInternational Publicationsd2022-11-30l0oIBRD(06)RSS/1994/5p026585r2022-11-30w2022-11-30y002